[Event "Sparkassen-Open A"]
[Site "Heusenstamm, Martinsee"]
[Date "2016.11.27"]
[Round "4.86"]
[White "Wüstehube, Harry"]
[Black "Balhar, Michael"]
[Result "1/2-1/2"]
[WhiteElo "1884"]
[BlackElo "1758"]
[PlyCount "110"]
[EventDate "2016.??.??"]
[WhiteTeam "Kasseler SK"]
[BlackTeam "SC Erlangen"]

1. e4 c5 2. Nc3 Nc6 3. f4 g6 4. Nf3 Bg7 5. Bb5 Nd4 6. Bd3 d6 7. Nxd4 cxd4 8.
Ne2 Nf6 9. O-O O-O 10. Ng3 e5 11. fxe5 dxe5 12. Bc4 Qb6 13. d3 Be6 14. Bxe6
Qxe6 15. c4 Qc6 16. Bd2 b5 17. b3 bxc4 18. bxc4 Rab8 19. Qc2 Nd7 20. Rab1 Rxb1
21. Rxb1 Rb8 22. Nh1 Rxb1+ 23. Qxb1 Bf8 24. Nf2 Bc5 25. Qb5 Qb6 26. Kf1 Qxb5
27. cxb5 f6 28. Ke2 Kf7 29. Kd1 Nb6 30. Kc2 Ke6 31. Kb3 Nd7 32. a4 Be7 33. a5
Nc5+ 34. Kc4 Nb7 35. Bb4 Bxb4 36. Kxb4 Kd6 37. Nd1 f5 38. Nb2 fxe4 39. dxe4 Kc7
40. Nc4 d3 41. Kc3 Nc5 42. Nxe5 Nxe4+ 43. Kxd3 Nd6 44. b6+ axb6 45. axb6+ Kxb6
46. Ke3 Kc7 47. Kf4 Kd8 48. Kg5 Ne4+ 49. Kh6 Nf6 50. Kg7 Ke7 51. Nf3 Ke6 52. h3
Kf5 53. Nh4+ Kg5 54. Nf3+ Kf5 55. Nd4+ Kg5 1/2-1/2

[Event "Sparkassen-Open A"]
[Site "Heusenstamm, Martinsee"]
[Date "2016.11.27"]
[Round "4.87"]
[White "Kail, Sindy"]
[Black "Niedenthal, Robert"]
[Result "1-0"]
[WhiteElo "1848"]
[BlackElo "1744"]
[PlyCount "67"]
[EventDate "2016.??.??"]
[WhiteTeam "SK Klingenberg"]
[BlackTeam "SV Hofheim"]

1. e4 d5 2. exd5 Nf6 3. Bb5+ Bd7 4. Bc4 Bg4 5. f3 Bc8 6. Nc3 Nbd7 7. Nge2 Nb6
8. d3 Nxc4 9. dxc4 e6 10. Be3 Be7 11. O-O O-O 12. Nf4 c6 13. Qd2 e5 14. Nfe2
Qc7 15. f4 Ng4 16. fxe5 Qxe5 17. Bf4 Bc5+ 18. Kh1 Qh5 19. Ne4 Be3 20. Qd3 Bf5
21. Bg3 Bxe4 22. Qxe4 Rae8 23. Qf3 f5 24. dxc6 bxc6 25. h3 g5 26. Bh2 Bb6 27.
Ng3 Qh4 28. hxg4 fxg4 29. Qxc6 Rc8 30. Qe6+ Kh8 31. Nf5 Rfe8 32. Qxe8+ Rxe8 33.
Nxh4 gxh4 34. Rae1 1-0

[Event "Sparkassen-Open A"]
[Site "Heusenstamm, Martinsee"]
[Date "2016.11.27"]
[Round "4.88"]
[White "Schubert, Wolfgang"]
[Black "Wagner, Günter"]
[Result "1-0"]
[WhiteElo "1845"]
[BlackElo "1725"]
[PlyCount "67"]
[EventDate "2016.??.??"]
[WhiteTeam "Wiesbadener SV"]
[BlackTeam "SV Groß-Gerau"]

1. e4 d6 2. d4 Nf6 3. Bd3 g6 4. Ne2 Bg7 5. O-O O-O 6. c3 c5 7. h3 cxd4 8. cxd4
Nc6 9. Nbc3 Bd7 10. Be3 a6 11. Rc1 b5 12. b3 e6 13. Qd2 b4 14. Na4 a5 15. Bg5
e5 16. d5 Ne7 17. Nb2 Ne8 18. Nc4 f6 19. Be3 Rb8 20. f4 Bb5 21. fxe5 dxe5 22.
g4 Bxc4 23. bxc4 Nd6 24. c5 Nb5 25. Bc4 Kh8 26. Qd3 Na3 27. Bb3 f5 28. c6 fxe4
29. Qxe4 Rxf1+ 30. Kxf1 Qf8+ 31. Kg2 Nb5 32. Bc5 Bh6 33. Qxe5+ Qg7 34. Qxb8+
1-0

[Event "Sparkassen-Open A"]
[Site "Heusenstamm, Martinsee"]
[Date "2016.11.27"]
[Round "4.89"]
[White "Draxler, Gottfried"]
[Black "Lehmann, Tim"]
[Result "1/2-1/2"]
[WhiteElo "1829"]
[BlackElo "1703"]
[PlyCount "56"]
[EventDate "2016.??.??"]
[WhiteTeam "SF Neuberg"]
[BlackTeam "SV Lahn Limburg"]

1. c4 g6 2. g3 Bg7 3. Bg2 e6 4. e3 Ne7 5. Ne2 O-O 6. d4 d5 7. cxd5 exd5 8. Nbc3
c6 9. O-O Nd7 10. b3 Nf6 11. Bb2 Bf5 12. Rc1 Re8 13. Re1 Ne4 14. f3 Nxc3 15.
Nxc3 Rc8 16. b4 Rc7 17. g4 Be6 18. a3 Nc8 19. Qc2 Nb6 20. Bf1 f5 21. h3 fxg4
22. hxg4 Rf8 23. Qg2 Rcf7 24. f4 Qd7 25. Be2 Nc4 26. Bxc4 dxc4 27. g5 b5 28.
Qg3 Bf5 1/2-1/2

[Event "Sparkassen-Open A"]
[Site "Heusenstamm, Martinsee"]
[Date "2016.11.27"]
[Round "4.90"]
[White "Blank, Stefan"]
[Black "Kirchner, Markus"]
[Result "1-0"]
[WhiteElo "1828"]
[BlackElo "1682"]
[PlyCount "59"]
[EventDate "2016.??.??"]
[WhiteTeam "SC Sulzbach"]
[BlackTeam "SF Schöneck"]

1. e4 e6 2. d3 d5 3. Nd2 Nf6 4. Ngf3 Bc5 5. h3 O-O 6. Be2 Be7 7. O-O c5 8. Re1
Nc6 9. c3 Qc7 10. Bf1 Rd8 11. e5 Nd7 12. Qe2 a6 13. g3 Re8 14. Bg2 Qb6 15. Nf1
Bd8 16. Bf4 Qa7 17. h4 b5 18. N1h2 b4 19. Ng5 Bxg5 20. hxg5 Bb7 21. Qh5 bxc3
22. bxc3 Ne7 23. Ng4 Ng6 24. Kh2 Ndf8 25. Nf6+ gxf6 26. gxf6 Ne7 27. g4 Nf5 28.
gxf5 exf5 29. Qh6 Ne6 30. Rh1 1-0

[Event "Sparkassen-Open A"]
[Site "Heusenstamm, Martinsee"]
[Date "2016.11.27"]
[Round "4.91"]
[White "Bachmann, Nick"]
[Black "Wilk, David"]
[Result "1-0"]
[WhiteElo "1803"]
[BlackElo "1661"]
[PlyCount "77"]
[EventDate "2016.??.??"]
[WhiteTeam "SG Wächtersbach"]
[BlackTeam "SF Mainz"]

1. e4 e5 2. Nc3 Nc6 3. Nf3 Be7 4. d4 exd4 5. Nxd4 d6 6. Be3 Nf6 7. Be2 Bd7 8.
Qd2 Ng4 9. Bxg4 Bxg4 10. f3 Bd7 11. O-O-O Bf6 12. Kb1 a5 13. g4 Ne5 14. Qg2 Nc4
15. Bc1 c5 16. Ndb5 Qb6 17. Nd5 Qd8 18. Nbc7+ Kf8 19. Nxa8 Qxa8 20. Nxf6 gxf6
21. b3 b5 22. bxc4 bxc4 23. Qd2 Qb8+ 24. Bb2 Ke7 25. Qc3 Rc8 26. Qxf6+ Ke8 27.
Qxd6 c3 28. Qxd7+ Kf8 29. Qd6+ Ke8 30. Qxb8 Rxb8 31. Ka1 Rxb2 32. Rb1 Rxc2 33.
Rhc1 Rxh2 34. Rxc3 Rh3 35. Rb5 Rh1+ 36. Kb2 Rh2+ 37. Ka3 a4 38. Rbxc5 Rh6 39.
Rc8+ 1-0

[Event "Sparkassen-Open A"]
[Site "Heusenstamm, Martinsee"]
[Date "2016.11.27"]
[Round "4.92"]
[White "Diener, Carolin Valeria"]
[Black "Bunjaku, Lulzim"]
[Result "0-1"]
[WhiteElo "1699"]
[BlackElo "1788"]
[PlyCount "56"]
[EventDate "2016.??.??"]
[WhiteTeam "SK Bad Homburg"]
[BlackTeam "SC Heusenstamm"]

1. e4 c5 2. Nf3 Nc6 3. Bb5 e5 4. O-O d6 5. c3 Bg4 6. h3 Bh5 7. Re1 a6 8. Be2
Nf6 9. d3 Bg6 10. Bf1 Be7 11. g3 O-O 12. Bg2 h6 13. Nbd2 Nh7 14. Nf1 f5 15.
exf5 Bxf5 16. Ne3 Be6 17. d4 e4 18. d5 exf3 19. Bxf3 Ne5 20. Bg2 Bd7 21. f4 Nf7
22. c4 b5 23. b3 Bf6 24. Rb1 Bd4 25. Kh2 Re8 26. Qd3 Qf6 27. Be4 Nf8 28. Ng2
Rxe4 0-1

[Event "Sparkassen-Open A"]
[Site "Heusenstamm, Martinsee"]
[Date "2016.11.27"]
[Round "4.93"]
[White "Köllner, Felicitas Ophelia"]
[Black "Lukas, Hubertus"]
[Result "0-1"]
[WhiteElo "1670"]
[BlackElo "1816"]
[PlyCount "124"]
[EventDate "2016.??.??"]
[WhiteTeam "SV Bergneustadt/Derschlag"]
[BlackTeam "SC Siersburg"]

1. d4 Nf6 2. Nf3 Ne4 3. Nbd2 f5 4. Nxe4 fxe4 5. Nd2 d5 6. e3 Bf5 7. c4 c6 8.
Be2 e6 9. a3 Bd6 10. b4 O-O 11. O-O Qg5 12. f4 Qe7 13. Bg4 Nd7 14. Qe2 Nf6 15.
Bxf5 exf5 16. h3 Kh8 17. Kh1 g6 18. Bb2 Nh5 19. Qe1 Qe6 20. Rc1 h6 21. Kg1 Kh7
22. cxd5 cxd5 23. Nb3 b6 24. Qd2 g5 25. fxg5 hxg5 26. Qd1 Ng3 27. Rf2 f4 28.
Qe1 Rf7 29. Rcc2 Raf8 30. Bc1 f3 31. gxf3 Rxf3 32. Rxf3 Rxf3 33. Kg2 Nh5 34.
Qh1 Rg3+ 35. Kf1 Rf3+ 36. Kg2 Rg3+ 37. Kf1 Kg6 38. Rf2 Rxh3 39. Qg2 Rg3 40. Qh1
Rg4 41. Ke1 Bg3 42. Qf1 Qf5 43. Ke2 Bxf2 44. Qxf2 Ng3+ 45. Ke1 Qxf2+ 46. Kxf2
Nf5 47. a4 Rg3 48. a5 Rf3+ 49. Ke2 g4 50. Bd2 g3 51. axb6 axb6 52. Nc1 g2 53.
Be1 g1=N+ 54. Kd2 Nxe3 55. Bh4 Nc4+ 56. Kc2 Rh3 57. Be1 Nf3 58. Bc3 Rh2+ 59.
Kb3 b5 60. Na2 e3 61. Nc1 e2 62. Nd3 Kf5 0-1

[Event "Sparkassen-Open A"]
[Site "Heusenstamm, Martinsee"]
[Date "2016.11.27"]
[Round "4.94"]
[White "Oltzen, Samuel"]
[Black "Falkenhainer, Sven"]
[Result "1-0"]
[WhiteElo "1850"]
[BlackElo "1781"]
[PlyCount "95"]
[EventDate "2016.??.??"]
[WhiteTeam "Lübecker SV"]
[BlackTeam "SC Bergen-Enkheim"]

1. e4 e6 2. c4 b6 3. d4 Bb7 4. Nc3 d6 5. Nf3 Nd7 6. Bd3 Ne7 7. O-O Ng6 8. Re1
Be7 9. b4 c5 10. bxc5 dxc5 11. d5 exd5 12. exd5 O-O 13. Bb2 Bf6 14. Qc2 Bxc3
15. Bxc3 Nf6 16. a4 Qd6 17. Ne5 Nf4 18. Nxf7 Rxf7 19. Be5 Qd7 20. Bf5 Qd8 21.
Bxf4 Bc8 22. Be6 Bxe6 23. dxe6 Re7 24. Qf5 Qd4 25. Rac1 Rae8 26. Red1 Qe4 27.
Qxe4 Nxe4 28. f3 Nf6 29. Kf2 Rxe6 30. Re1 R6e7 31. Rxe7 Rxe7 32. a5 Kf7 33.
axb6 axb6 34. Rb1 Re6 35. g4 h6 36. h4 Nd7 37. Rd1 Ne5 38. Bxe5 Rxe5 39. Rd7+
Kf6 40. Rd6+ Re6 41. Rxe6+ Kxe6 42. Ke3 Ke5 43. f4+ Kd6 44. Ke4 Ke6 45. f5+ Kd6
46. g5 hxg5 47. hxg5 Kd7 48. Kd5 1-0

[Event "Sparkassen-Open A"]
[Site "Heusenstamm, Martinsee"]
[Date "2016.11.27"]
[Round "4.95"]
[White "Fröhlich-Dill, Astrid"]
[Black "Schmitt, Clemens"]
[Result "1-0"]
[WhiteElo "1827"]
[BlackElo "1757"]
[PlyCount "83"]
[EventDate "2016.??.??"]
[WhiteTeam "SV Hofheim"]
[BlackTeam "SV Bergwinkel"]

1. d4 Nf6 2. c4 g6 3. Nc3 d5 4. Bf4 Bg7 5. Nf3 O-O 6. cxd5 Nxd5 7. Nxd5 Qxd5 8.
Bxc7 Nc6 9. e3 Bf5 10. a3 Rac8 11. Bg3 Bc2 12. Qe2 Na5 13. Nd2 Nb3 14. Nxb3
Bxb3 15. Qb5 Qxb5 16. Bxb5 Rc2 17. O-O a6 18. Bd3 Rd2 19. Be4 b5 20. Rfc1 e5
21. Rc3 Be6 22. dxe5 Rxb2 23. Rb1 Rd8 24. Rbc1 Bf8 25. h4 h5 26. Rc6 a5 27.
Bxg6 Bd5 28. Ra6 fxg6 29. Rxg6+ Kh7 30. Ra6 Ra8 31. Rxa8 Bxa8 32. Rc8 Bxa3 33.
Rxa8 a4 34. e6 Rb1+ 35. Kh2 Rc1 36. e7 Bxe7 37. Ra7 Kg6 38. Rxe7 a3 39. Ra7 b4
40. Be5 Rb1 41. Bd6 b3 42. Rxa3 1-0

[Event "Sparkassen-Open A"]
[Site "Heusenstamm, Martinsee"]
[Date "2016.11.27"]
[Round "4.96"]
[White "Lanz, Udo"]
[Black "Midanka, Vladimir Josef"]
[Result "0-1"]
[WhiteElo "1802"]
[BlackElo "1752"]
[PlyCount "116"]
[EventDate "2016.??.??"]
[WhiteTeam "VSG Offenbach"]
[BlackTeam "SC Brett vorm Kopp"]

1. e4 g6 2. d4 Bg7 3. c3 d6 4. Bd3 Nf6 5. Ne2 O-O 6. f3 Re8 7. Be3 b6 8. Na3
Bb7 9. Qd2 Nbd7 10. g4 e5 11. d5 a6 12. h4 h5 13. Bg5 Qb8 14. Ng3 hxg4 15. h5
Nxh5 16. Nxh5 gxh5 17. Bh6 f6 18. Rxh5 Re7 19. O-O-O Bxh6 20. Rxh6 Rg7 21. Rdh1
Kf7 22. fxg4 Qg8 23. Qf2 Ke7 24. Qf5 Qf7 25. Nc4 Rag8 26. Be2 Bc8 27. Qf1 Nc5
28. Ne3 Nxe4 29. Qf3 Ng5 30. Qf2 Rg6 31. Bd3 Rxh6 32. Rxh6 e4 33. Be2 Qg7 34.
Rh1 Rh8 35. Rf1 Qg6 36. Ng2 Nf7 37. Ne3 Qg5 38. Kc2 Rh3 39. Nd1 Ne5 40. Qg2
Bxg4 41. Qxe4 Bxe2 42. Qxe2 Qg6+ 43. Kb3 Qd3 44. Qxd3 Rxd3 45. Kc2 Rxd5 46. Rf5
Ke6 47. Rh5 Nf7 48. Rh7 Rg5 49. Ne3 b5 50. b3 c5 51. Kd3 d5 52. a3 a5 53. b4
axb4 54. axb4 Ne5+ 55. Kd2 Nc4+ 56. Nxc4 dxc4 57. bxc5 Rxc5 58. Ke3 Rd5 0-1

[Event "Sparkassen-Open A"]
[Site "Heusenstamm, Martinsee"]
[Date "2016.11.27"]
[Round "4.97"]
[White "Stolle, Hendrik"]
[Black "Paeslack, Luis"]
[Result "1/2-1/2"]
[WhiteElo "1618"]
[BlackElo "1796"]
[PlyCount "53"]
[EventDate "2016.??.??"]
[WhiteTeam "TG Biberach"]
[BlackTeam "SK Mainaschaff"]

1. e4 c5 2. Nc3 g6 3. g3 Bg7 4. Bg2 Nc6 5. Nge2 e6 6. O-O Nge7 7. d3 O-O 8. Be3
Nd4 9. Qd2 d6 10. Nd1 Bd7 11. c3 Nxe2+ 12. Qxe2 Bc6 13. d4 cxd4 14. Bxd4 e5 15.
Be3 f5 16. exf5 Nxf5 17. Bxc6 bxc6 18. Qc4+ d5 19. Qxc6 d4 20. Qc4+ Kh8 21.
cxd4 Nxd4 22. Bxd4 exd4 23. Qd3 Qd5 24. Nc3 Qb7 25. Ne4 Rab8 26. b3 Qd5 27.
Rac1 1/2-1/2

[Event "Sparkassen-Open A"]
[Site "Heusenstamm, Martinsee"]
[Date "2016.11.27"]
[Round "4.98"]
[White "Donecker, Stefan"]
[Black "Gude, Michael"]
[Result "1-0"]
[WhiteElo "1788"]
[BlackElo "1729"]
[PlyCount "61"]
[EventDate "2016.??.??"]
[WhiteTeam "TuS Dotzheim"]
[BlackTeam "SF Fürth"]

1. d4 e6 2. Nc3 Bb4 3. Bd2 f5 4. a3 Be7 5. e4 fxe4 6. Nxe4 d5 7. Ng3 Nf6 8. Bd3
O-O 9. Nf3 c5 10. c3 cxd4 11. cxd4 Nc6 12. b4 a6 13. O-O Bd6 14. Be3 Kh8 15.
Ra2 Bd7 16. Bb1 Ne7 17. Ng5 Nf5 18. Nh5 g6 19. Bxf5 exf5 20. Bf4 Bxf4 21. Nxf4
Ne4 22. Nge6 Bxe6 23. Nxe6 Qd6 24. Nxf8 Rxf8 25. Rc2 Nf6 26. Re1 Kg8 27. Qc1
Rf7 28. Qh6 Rc7 29. Rxc7 Qxc7 30. Qc1 Qc4 31. Qe3 1-0

[Event "Sparkassen-Open A"]
[Site "Heusenstamm, Martinsee"]
[Date "2016.11.27"]
[Round "5.2"]
[White "Donchenko, Alexander"]
[Black "Kollars, Dmitrij"]
[Result "1/2-1/2"]
[WhiteElo "2563"]
[BlackElo "2501"]
[PlyCount "37"]
[EventDate "2016.??.??"]
[WhiteTeam "DJK Aufwärts Aachen"]
[BlackTeam "Hamburger SK"]

1. d4 Nf6 2. c4 g6 3. g3 Bg7 4. Bg2 O-O 5. Nc3 d6 6. Nf3 c6 7. e4 Bg4 8. Be3 e5
9. d5 cxd5 10. cxd5 b5 11. Qb3 Bd7 12. h3 a5 13. a3 Na6 14. Nd2 a4 15. Qd1 Qa5
16. O-O Rfc8 17. Qe2 b4 18. axb4 Qxb4 19. Rfb1 1/2-1/2

[Event "Sparkassen-Open A"]
[Site "Heusenstamm, Martinsee"]
[Date "2016.11.27"]
[Round "5.3"]
[White "Weichhold, Pawel"]
[Black "Sadzikowski, Daniel"]
[Result "0-1"]
[WhiteElo "2407"]
[BlackElo "2538"]
[PlyCount "76"]
[EventDate "2016.??.??"]
[WhiteTeam "SC Heusenstamm"]
[BlackTeam "SC Heusenstamm"]

1. e4 e5 2. Nf3 Nc6 3. d4 exd4 4. Nxd4 Nf6 5. Nxc6 bxc6 6. e5 Qe7 7. Qe2 Nd5 8.
c4 Nb6 9. Nc3 Bb7 10. f4 O-O-O 11. Be3 f6 12. c5 Nd5 13. Nxd5 cxd5 14. exf6
Qxf6 15. O-O-O d4 16. Bxd4 Qxf4+ 17. Qd2 Qxd2+ 18. Rxd2 d6 19. c6 Bxc6 20. Bxa7
Be7 21. h4 Bf6 22. Bd3 Kb7 23. Be3 h6 24. Bg6 Ra8 25. b3 Ra5 26. h5 Rha8 27.
Rf1 Rxa2 28. Rxa2 Rxa2 29. Rxf6 gxf6 30. Bxh6 Rxg2 31. Be3 Re2 32. Bf4 Be4 33.
Kd1 Bf3 34. Kc1 Be4 35. Kd1 Bf3 36. Kc1 Rg2 37. Be3 d5 38. h6 Be4 0-1

[Event "Sparkassen-Open A"]
[Site "Heusenstamm, Martinsee"]
[Date "2016.11.27"]
[Round "5.4"]
[White "Kveinys, Aloyzas"]
[Black "Donchenko, Anatoly"]
[Result "1-0"]
[WhiteElo "2499"]
[BlackElo "2317"]
[PlyCount "91"]
[EventDate "2016.??.??"]
[WhiteTeam "vereinslos"]
[BlackTeam "SK Gießen"]

1. d4 d5 2. c4 c6 3. Nc3 Nf6 4. e3 a6 5. Qc2 e6 6. Nf3 Nbd7 7. b3 Be7 8. Bd3 b5
9. O-O Bb7 10. e4 b4 11. Na4 dxe4 12. Bxe4 Qc7 13. Bg5 O-O 14. Bxh7+ Nxh7 15.
Bxe7 Rfe8 16. Bc5 a5 17. Rfe1 Rad8 18. Rad1 Bc8 19. h3 Nhf8 20. Ne5 f6 21. Ng6
Nxc5 22. Nxc5 e5 23. Nxf8 Kxf8 24. dxe5 Rxd1 25. Qxd1 Rxe5 26. Rxe5 Qxe5 27.
Qd8+ Kf7 28. Qxa5 Qe1+ 29. Kh2 Qe5+ 30. g3 Qf5 31. Kg1 Qxh3 32. Qc7+ Kg8 33.
Qxc6 Bf5 34. Qd5+ Kf8 35. Qf3 Bb1 36. Qa8+ Kf7 37. Qd5+ Ke7 38. Qb7+ Kf8 39.
Qxb4 Kg8 40. Qd2 Kh7 41. a4 Qh5 42. b4 Bf5 43. Qd5 Kg6 44. Ne6 Qg4 45. Nf8+ Kg5
46. f4+ 1-0

[Event "Sparkassen-Open A"]
[Site "Heusenstamm, Martinsee"]
[Date "2016.11.27"]
[Round "5.5"]
[White "Solonar, Stefan"]
[Black "Wieczorek, Oskar"]
[Result "1/2-1/2"]
[WhiteElo "2325"]
[BlackElo "2465"]
[PlyCount "51"]
[EventDate "2016.??.??"]
[WhiteTeam "SC Heusenstamm"]
[BlackTeam "SC Heusenstamm"]

1. c4 Nf6 2. Nc3 g6 3. e4 d6 4. d4 Bg7 5. Nf3 O-O 6. Be2 e5 7. O-O Nc6 8. d5
Ne7 9. Nd2 Ne8 10. b4 f5 11. c5 Nf6 12. f3 f4 13. Nc4 g5 14. g4 h5 15. h3 Rf7
16. a4 Ng6 17. Ba3 Bf8 18. Kf2 Rh7 19. Rh1 Be7 20. Rc1 Kg7 21. Qg1 Bd7 22. cxd6
cxd6 23. Ke1 Qc7 24. Nb5 Qb8 25. Nc3 Qc7 26. Nb5 1/2-1/2

[Event "Sparkassen-Open A"]
[Site "Heusenstamm, Martinsee"]
[Date "2016.11.27"]
[Round "5.6"]
[White "Milov, Leonid"]
[Black "Dubiel, Jacek"]
[Result "1-0"]
[WhiteElo "2406"]
[BlackElo "2422"]
[PlyCount "75"]
[EventDate "2016.??.??"]
[WhiteTeam "SC Noris-Tarrasch Nürnberg"]
[BlackTeam "SV Oberursel"]

1. e4 e5 2. Nf3 Nc6 3. Bb5 a6 4. Ba4 Nf6 5. O-O Nxe4 6. d4 b5 7. Bb3 d5 8. Re1
Be6 9. Nbd2 Nxd2 10. Bxd2 Be7 11. dxe5 O-O 12. Qe2 Qd7 13. a4 Rab8 14. axb5
axb5 15. Rad1 d4 16. Bxe6 Qxe6 17. Qe4 Rfd8 18. Bg5 f5 19. exf6 Qxe4 20. Rxe4
gxf6 21. Re6 Rd6 22. Rxd6 cxd6 23. Bf4 Ra8 24. Kf1 Ra2 25. b3 Rxc2 26. Nxd4
Nxd4 27. Rxd4 Kf7 28. Be3 Rc7 29. Rd5 Rb7 30. Rh5 Kg6 31. g4 Bd8 32. b4 Be7 33.
Bd2 Bf8 34. h3 Ra7 35. Rxb5 Ra2 36. Be3 Rb2 37. Rb8 Bh6 38. f4 1-0

[Event "Sparkassen-Open A"]
[Site "Heusenstamm, Martinsee"]
[Date "2016.11.27"]
[Round "5.7"]
[White "Stocek, Jiri"]
[Black "Barski, Radoslaw"]
[Result "1-0"]
[WhiteElo "2547"]
[BlackElo "2387"]
[PlyCount "67"]
[EventDate "2016.??.??"]
[WhiteTeam "SC Garching"]
[BlackTeam "SC Heusenstamm"]

1. d4 Nf6 2. c4 e6 3. Nf3 b6 4. Nc3 Bb4 5. Bg5 Bb7 6. Nd2 h6 7. Bh4 Bxc3 8.
bxc3 d6 9. f3 Nbd7 10. e4 e5 11. Bd3 O-O 12. Nf1 Re8 13. Ne3 Kh7 14. O-O g5 15.
Bf2 Rg8 16. c5 bxc5 17. Qb3 Rb8 18. Qxf7+ Rg7 19. Qe6 Bc8 20. Nd5 Nh5 21. Qf5+
Kh8 22. Qh3 Ndf6 23. g4 Rg6 24. Rfb1 Nf4 25. Nxf4 Rxb1+ 26. Rxb1 gxf4 27. Rb8
Nd7 28. Qh5 Kh7 29. Ra8 c4 30. Be2 c6 31. Bxc4 Qc7 32. dxe5 dxe5 33. Rxa7 Qd6
34. Qf5 1-0

[Event "Sparkassen-Open A"]
[Site "Heusenstamm, Martinsee"]
[Date "2016.11.27"]
[Round "5.8"]
[White "Kunin, Vitaly"]
[Black "De Visser, Leon"]
[Result "1-0"]
[WhiteElo "2590"]
[BlackElo "2230"]
[PlyCount "95"]
[EventDate "2016.??.??"]
[WhiteTeam "Freibauer Mörlenbach"]
[BlackTeam "SC Brett vorm Kopp"]

1. d4 d5 2. Nf3 Nf6 3. c4 c6 4. Nc3 dxc4 5. a4 Bf5 6. Nh4 e6 7. Nxf5 exf5 8. e3
Bb4 9. Bxc4 O-O 10. O-O Ne4 11. Nxe4 fxe4 12. f3 exf3 13. Rxf3 Qe7 14. Bd2 Nd7
15. Rxf7 Rxf7 16. Bxf7+ Qxf7 17. Bxb4 Re8 18. Qd3 Nf6 19. Rf1 Qe6 20. Rf3 Ne4
21. b3 h6 22. Rf4 Nf6 23. Bd2 Ne4 24. Bc1 Nd6 25. Ba3 Ne4 26. Rf1 Nf6 27. Re1
Kh8 28. b4 Ne4 29. b5 Qd5 30. bxc6 bxc6 31. Qc2 Re6 32. Rf1 Rf6 33. Rxf6 gxf6
34. Bc5 a6 35. Bb6 Kg7 36. h3 h5 37. Bc7 Kg6 38. Bf4 a5 39. Qb1 Kf5 40. Kh2 Kg6
41. Qb8 Kg7 42. Qc7+ Kg6 43. Qe7 c5 44. Qe8+ Kg7 45. dxc5 Nxc5 46. Qb5 Kf7 47.
Qxa5 Ke6 48. Qb6+ 1-0

[Event "Sparkassen-Open A"]
[Site "Heusenstamm, Martinsee"]
[Date "2016.11.27"]
[Round "5.9"]
[White "Michalik, Peter"]
[Black "Prill, Daniel"]
[Result "1-0"]
[WhiteElo "2550"]
[BlackElo "2198"]
[PlyCount "51"]
[EventDate "2016.??.??"]
[WhiteTeam "SK Schwäbisch Hall"]
[BlackTeam "SC Heitersheim"]

1. e4 c6 2. d4 d5 3. Nd2 dxe4 4. Nxe4 Nd7 5. Ng5 Ngf6 6. Bd3 e6 7. N1f3 Bd6 8.
Qe2 h6 9. Ne4 Nxe4 10. Qxe4 Nf6 11. Qe2 b6 12. Ne5 Qc7 13. Nxc6 Bxh2 14. g3
Bxg3 15. fxg3 Qxg3+ 16. Qf2 Qxf2+ 17. Kxf2 Bb7 18. d5 Nxd5 19. Ne5 Nb4 20. Bb5+
Ke7 21. Rd1 Rhd8 22. Bd2 Na6 23. Bxa6 Rxd2+ 24. Rxd2 Bxa6 25. Rd7+ Kf6 26. Ng4+
1-0

[Event "Sparkassen-Open A"]
[Site "Heusenstamm, Martinsee"]
[Date "2016.11.27"]
[Round "5.10"]
[White "Schröder, Jan-Christian"]
[Black "Dunsbach, Ralf"]
[Result "1-0"]
[WhiteElo "2521"]
[BlackElo "2180"]
[PlyCount "85"]
[EventDate "2016.??.??"]
[WhiteTeam "SV Hofheim"]
[BlackTeam "SK Bad Homburg"]

1. e4 e5 2. Nf3 Nc6 3. Bc4 Nf6 4. d3 Be7 5. O-O O-O 6. Re1 d6 7. a4 Na5 8. Ba2
c5 9. c3 Nc6 10. Na3 Re8 11. Nc2 h6 12. Bd2 Bf8 13. b4 cxb4 14. cxb4 Be6 15. b5
Ne7 16. Bxe6 fxe6 17. Ne3 Ng6 18. Nc4 Rc8 19. Rc1 Nd7 20. Bc3 Nc5 21. g3 Qd7
22. Kg2 Qf7 23. h4 Be7 24. h5 Nh8 25. Nh2 Rf8 26. Ng4 Qe8 27. Na5 Bg5 28. Ra1
Nxa4 29. Bb4 Nc3 30. Bxc3 Rxc3 31. Nxb7 Qb8 32. Na5 Qxb5 33. Nc4 Qc5 34. Qe2
Qd4 35. Red1 Rb8 36. Nh2 Nf7 37. Ra5 Rc1 38. Rxc1 Bxc1 39. Qc2 Bb2 40. Ra2 Bc3
41. Nf3 Qc5 42. Qxc3 d5 43. Qa3 1-0

[Event "Sparkassen-Open A"]
[Site "Heusenstamm, Martinsee"]
[Date "2016.11.27"]
[Round "5.11"]
[White "Carlstedt, Jonathan"]
[Black "Chan, Kim Yew"]
[Result "1/2-1/2"]
[WhiteElo "2438"]
[BlackElo "2169"]
[PlyCount "76"]
[EventDate "2016.??.??"]
[WhiteTeam "Hamburger SK"]
[BlackTeam "Subang Jaya Chess Club"]

1. e4 c5 2. Nf3 g6 3. c3 Bg7 4. d4 cxd4 5. cxd4 d5 6. exd5 Nf6 7. Nc3 O-O 8.
Be2 Nxd5 9. O-O Nc6 10. Bg5 h6 11. Be3 b6 12. Rc1 Bb7 13. Qa4 Rc8 14. Rfd1 e6
15. Bb5 a6 16. Bxa6 Nxc3 17. Rxc3 Ra8 18. Rxc6 Bxc6 19. Qxc6 Rxa6 20. d5 exd5
21. a4 Qa8 22. Qxa8 Rfxa8 23. b3 b5 24. axb5 Ra1 25. Rf1 Rb8 26. b6 Rxf1+ 27.
Kxf1 Bf6 28. Ke2 Bd8 29. Ne5 Rb7 30. Nc6 Bxb6 31. Bxh6 Bc5 32. Be3 Bxe3 33.
fxe3 Rxb3 34. Ne7+ Kg7 35. Nxd5 Rb2+ 36. Kf3 f5 37. h4 Rb5 38. Nf4 Kf6 1/2-1/2

[Event "Sparkassen-Open A"]
[Site "Heusenstamm, Martinsee"]
[Date "2016.11.27"]
[Round "5.12"]
[White "Noe, Christopher"]
[Black "Engel, Berthold"]
[Result "1-0"]
[WhiteElo "2422"]
[BlackElo "2153"]
[PlyCount "51"]
[EventDate "2016.??.??"]
[WhiteTeam "SC Eppingen"]
[BlackTeam "BG Buchen"]

1. d4 Nf6 2. c4 e6 3. Nf3 Bb4+ 4. Nbd2 Ne4 5. a3 Bxd2+ 6. Nxd2 Nxd2 7. Bxd2 b6
8. e4 d6 9. Bd3 e5 10. d5 O-O 11. O-O c5 12. f4 f6 13. Qh5 Bd7 14. f5 Be8 15.
Qh4 Nd7 16. Rf3 Qe7 17. Rg3 Rf7 18. Be2 Qf8 19. Rh3 h6 20. a4 Re7 21. Raa3 Kh8
22. Rag3 Kh7 23. Rxg7+ Rxg7 24. Bxh6 Bg6 25. fxg6+ Kg8 26. Bg5 1-0

[Event "Sparkassen-Open A"]
[Site "Heusenstamm, Martinsee"]
[Date "2016.11.27"]
[Round "5.13"]
[White "Henrich, Thomas"]
[Black "Keymer, Vincent"]
[Result "0-1"]
[WhiteElo "2221"]
[BlackElo "2419"]
[PlyCount "108"]
[EventDate "2016.??.??"]
[WhiteTeam "SK Marburg"]
[BlackTeam "SK Gau-Algesheim"]

1. d4 d5 2. c4 c6 3. cxd5 cxd5 4. Bf4 Nc6 5. e3 Nf6 6. Nc3 a6 7. Qb3 Ra7 8. Bd3
e6 9. Rc1 Bd7 10. Nf3 Be7 11. h3 O-O 12. O-O b5 13. Ne5 Na5 14. Qc2 h6 15. Qe2
Qb6 16. Nb1 Nc4 17. Rc2 Rd8 18. Rfc1 Be8 19. Ng4 Raa8 20. Nxf6+ Bxf6 21. Qg4
Kf8 22. Nd2 Bd7 23. Qf3 Be7 24. b3 Nxd2 25. Rxd2 Rac8 26. Rdc2 Rxc2 27. Rxc2
Rc8 28. Rxc8+ Bxc8 29. Be5 Bd7 30. Qg3 f6 31. Qf3 Qa5 32. Bg3 Qxa2 33. Qg4 Qxb3
34. Bg6 Qc3 35. Bh5 Qc2 36. Qf4 Qc8 37. e4 b4 38. exd5 exd5 39. Qf3 Be6 40. Qd3
Bf5 41. Qb3 Qc4 42. Qf3 g6 43. Qf4 Kg7 44. Bf3 b3 45. Qb8 Qb4 46. Qa8 b2 47.
Bxd5 b1=Q+ 48. Kh2 Bf8 49. Qxa6 Qxd4 50. Qa8 Qbb6 51. h4 Be6 52. Bf3 Bd6 53.
Be4 Bxg3+ 54. Kxg3 Qxf2+ 0-1